|
|
|
|
| LEADER |
01498cas a2200241 a 4500 |
| 001 |
AALejournalIMF010062 |
| 008 |
230101c9999 xx r poo 0 0eng d |
| 020 |
|
|
|c 5.00 USD
|
| 020 |
|
|
|z 9781451964936
|
| 022 |
|
|
|a 1018-5941
|
| 040 |
|
|
|a BD-DhAAL
|c BD-DhAAL
|
| 110 |
2 |
|
|a International Monetary Fund.
|
| 245 |
1 |
0 |
|a Targeting the Exchange Rate :
|b Empirical Investigation.
|
| 264 |
|
1 |
|a Washington, D.C. :
|b International Monetary Fund,
|c 1990.
|
| 300 |
|
|
|a 1 online resource (34 pages)
|
| 490 |
1 |
|
|a IMF Working Papers
|
| 500 |
|
|
|a <strong>Off-Campus Access:</strong> No User ID or Password Required
|
| 500 |
|
|
|a <strong>On-Campus Access:</strong> No User ID or Password Required
|
| 506 |
|
|
|a Electronic access restricted to authorized BRAC University faculty, staff and students
|
| 520 |
3 |
|
|a The purpose of this paper is to implement empirically the new theory of exchange rate targeting. The theory formulates an expectations induced relationship between the exchange rate and the fundamental subject to random shocks and target zone constraints. By using monthly data for a representative small-open economy (Israel in the 1980s) the empirical analysis identifies the special roled played by policy and market fundamentals in the behavior of the exchange rate.
|
| 538 |
|
|
|a Mode of access: Internet
|
| 830 |
|
0 |
|a IMF Working Papers; Working Paper ;
|v No. 1990/061
|
| 856 |
4 |
0 |
|z Full text available on IMF
|u http://elibrary.imf.org/view/journals/001/1990/061/001.1990.issue-061-en.xml
|z IMF e-Library
|